[Event "Open"]
[Site "Toscolano-Maderno ITA"]
[Date "1995.10.21"]
[Round "8"]
[White "Dusi, Valerio"]
[Black "Pipitone, Antonio"]
[Result "1-0"]
[WhiteElo "1905"]
[BlackElo "2125"]
[PlyCount "97"]
[EventDate "1995.10.14"]

1. d4 Nf6 2. c4 c5 3. d5 e6 4. Nc3 exd5 5. cxd5 d6 6. e4 g6 7. f4 Bg7 8. Bb5+
Nfd7 9. a4 O-O 10. Nf3 a6 11. Bd3 Re8 12. O-O Nf8 13. a5 b5 14. axb6 Qxb6 15.
Kh1 Bd7 16. Nd2 Ra7 17. Nc4 Qc7 18. Qf3 Rb7 19. e5 dxe5 20. fxe5 Bb5 21. Nxb5
axb5 22. Nd6 Rxe5 23. Nxb7 Qxb7 24. Bf4 Re8 25. Rab1 c4 26. Be2 Nbd7 27. d6 Qb6
28. Bg3 Nf6 29. Rbd1 N8d7 30. Bf2 Qb8 31. Bd4 Re6 32. Bxf6 Bxf6 33. Qc6 Rxe2
34. Qxd7 Qa8 35. Qg4 Re6 36. d7 Bd8 37. Rfe1 Qc6 38. Rxe6 fxe6 39. Qf4 Qc5 40.
Qb8 Qg5 41. Qd6 Qf6 42. Re1 Kf7 43. Kg1 Qe7 44. Rf1+ Kg8 45. Qxe7 Bxe7 46. Kf2
b4 47. Ke3 c3 48. bxc3 bxc3 49. Kd3 1-0

[Event "Open"]
[Site "Toscolano-Maderno ITA"]
[Date "1995.10.21"]
[Round "8"]
[White "Naumkin, Igor"]
[Black "Kania, Andreas"]
[Result "1/2-1/2"]
[WhiteElo "2455"]
[BlackElo "2235"]
[PlyCount "46"]
[EventDate "1995.10.14"]

1. d4 e6 2. c4 Nf6 3. Nf3 Bb4+ 4. Bd2 c5 5. Bxb4 cxb4 6. e3 d6 7. Bd3 Nc6 8.
Nbd2 b6 9. O-O a5 10. a3 Bb7 11. Qc2 Rc8 12. Rac1 g6 13. Qb1 O-O 14. Rfd1 Qe7
15. Ne4 Nd7 16. d5 exd5 17. cxd5 Nce5 18. Nxe5 Qxe5 19. axb4 axb4 20. Rc4 Rxc4
21. Bxc4 Rc8 22. b3 Nc5 23. Ng3 Ra8 1/2-1/2

[Event "Open"]
[Site "Toscolano-Maderno ITA"]
[Date "1995.10.21"]
[Round "8"]
[White "Nurkic, Sahbaz"]
[Black "Sermek, Drazen"]
[Result "1/2-1/2"]
[WhiteElo "2420"]
[BlackElo "2490"]
[PlyCount "22"]
[EventDate "1995.10.14"]

1. e4 d6 2. d4 Nf6 3. Nc3 e5 4. dxe5 dxe5 5. Qxd8+ Kxd8 6. Bc4 Be6 7. Bxe6 fxe6
8. Nf3 Bd6 9. O-O Nc6 10. Be3 Ke7 11. Rfe1 a6 1/2-1/2

[Event "Open"]
[Site "Toscolano-Maderno ITA"]
[Date "1995.10.21"]
[Round "8"]
[White "Simon, Laurent"]
[Black "Rossi, Giampiero"]
[Result "0-1"]
[WhiteElo "2095"]
[BlackElo "2135"]
[PlyCount "66"]
[EventDate "1995.10.14"]

1. e4 c5 2. Nc3 e6 3. f4 Nc6 4. Nf3 Nge7 5. Bb5 g6 6. O-O Bg7 7. Bxc6 Nxc6 8.
d3 d6 9. Qe1 O-O 10. a3 Rb8 11. g4 f5 12. gxf5 exf5 13. Kh1 Re8 14. Rg1 Nd4 15.
Qf2 Bd7 16. Nxd4 Bxd4 17. Be3 Bxc3 18. bxc3 Bc6 19. Rg5 Qf6 20. Rag1 Qxc3 21.
h4 fxe4 22. Kh2 exd3 23. cxd3 Qxd3 24. R5g3 Qf5 25. Rg5 Qe4 26. R5g3 Qd5 27.
Rg5 Qf3 28. Qxf3 Bxf3 29. Bf2 Re2 30. Kg3 Be4 31. h5 Kf7 32. Re1 Ke6 33. h6 b6
0-1

[Event "Open"]
[Site "Toscolano-Maderno ITA"]
[Date "1995.10.21"]
[Round "8"]
[White "Stantic, Severino"]
[Black "Gorelli Fagiolini, Marco"]
[Result "1-0"]
[WhiteElo "1935"]
[BlackElo "2074"]
[PlyCount "75"]
[EventDate "1995.10.14"]

1. e4 d6 2. d4 Nf6 3. Nc3 g6 4. Nf3 Bg7 5. Be3 O-O 6. h3 a6 7. a4 b6 8. Bd3 e6
9. O-O Bb7 10. Qe2 Nc6 11. Rad1 Nb4 12. e5 Nd7 13. exd6 cxd6 14. Ne4 Nxd3 15.
Qxd3 Nf6 16. Nxf6+ Bxf6 17. Nd2 Bg7 18. c4 f5 19. f3 g5 20. Qe2 Kh8 21. Nb1 Rb8
22. Nc3 Bf6 23. f4 Rg8 24. d5 g4 25. hxg4 Rxg4 26. Ne4 Bh4 27. Ng5 Bxg5 28.
fxg5 b5 29. axb5 axb5 30. Bd4+ Rxd4 31. Rxd4 e5 32. Rh4 Qxg5 33. Rh5 Qg6 34.
Rhxf5 bxc4 35. Qf3 Rg8 36. Rf8 h6 37. Rxg8+ Qxg8 38. Qf6+ 1-0

[Event "Open"]
[Site "Toscolano-Maderno ITA"]
[Date "1995.10.22"]
[Round "9"]
[White "Duarte, Riccardo"]
[Black "Agnelli, Francesco"]
[Result "1-0"]
[WhiteElo "2050"]
[BlackElo "1979"]
[PlyCount "117"]
[EventDate "1995.10.14"]

1. e4 c5 2. f4 Nc6 3. Nf3 e6 4. Bb5 Nge7 5. c3 d5 6. exd5 Qxd5 7. O-O a6 8. c4
Qd6 9. Ba4 Nf5 10. Ne5 Bd7 11. Nxd7 Qxd7 12. Nc3 h5 13. Ne2 h4 14. Rf3 O-O-O
15. d3 Be7 16. Bd2 Bf6 17. Rb1 Qd6 18. Bxc6 Qxc6 19. h3 Rd7 20. b4 Rhd8 21. b5
axb5 22. cxb5 Qb6 23. Qa4 Rxd3 24. Rxd3 Rxd3 25. Qa8+ Kd7 26. Ba5 Qd6 27. Qxb7+
Ke8 28. Qc6+ Qd7 29. a4 Ra3 30. Qxd7+ Kxd7 31. b6 Nd6 32. b7 Nxb7 33. Rxb7+ Kc6
34. Rc7+ Kd5 35. Bb6 Bd4+ 36. Nxd4 cxd4 37. a5 Ke4 38. Rc4 Kxf4 39. Rxd4+ Kf5
40. Rxh4 e5 41. Rc4 e4 42. Rc7 Kg6 43. Rc6+ f6 44. Bc7 Kf7 45. a6 e3 46. Kf1
Ra2 47. Bf4 Rf2+ 48. Ke1 Rxf4 49. Ke2 Rf2+ 50. Kxe3 Rxg2 51. Kd4 Ra2 52. Kc5 f5
53. Kb6 f4 54. a7 Rb2+ 55. Kc7 Ra2 56. Kb7 f3 57. a8=Q Rxa8 58. Kxa8 f2 59. Rc1
1-0

[Event "Open"]
[Site "Toscolano-Maderno ITA"]
[Date "1995.10.22"]
[Round "9"]
[White "Kania, Andreas"]
[Black "Stantic, Severino"]
[Result "1-0"]
[WhiteElo "2235"]
[BlackElo "1935"]
[PlyCount "127"]
[EventDate "1995.10.14"]

1. d4 Nf6 2. c4 e6 3. Nf3 d5 4. Nc3 Nbd7 5. e3 c6 6. Qc2 Bd6 7. Bd2 Qe7 8. Be2
dxc4 9. Bxc4 b5 10. Be2 Bb7 11. Rc1 a6 12. e4 e5 13. O-O O-O 14. Qd3 Rfd8 15.
Bg5 h6 16. Bh4 Nf8 17. d5 Ng6 18. dxc6 Bxc6 19. Bxf6 Qxf6 20. g3 Ne7 21. Rfd1
Rd7 22. Qe3 b4 23. Nb1 Bb5 24. Nbd2 Bc7 25. Bxb5 axb5 26. Qb3 Bb6 27. Kg2 Ra4
28. Nf1 Rda7 29. Ne3 Rxa2 30. Ng4 Qe6 31. Qxe6 fxe6 32. Rd2 Ra8 33. Ngxe5 b3
34. Rd7 Kh8 35. Rb7 Bd8 36. Nd3 Nc8 37. Rxb5 Nd6 38. Rxb3 Nxe4 39. Nc5 Nxc5 40.
Rxc5 Bf6 41. Rcb5 R8a4 42. Ne1 Re4 43. Nd3 Re2 44. Nc1 Rexb2 45. Nxa2 Rxa2 46.
R5b4 Ba1 47. Re4 e5 48. Rbe3 Ra5 49. Re2 Kh7 50. h4 Kg6 51. f3 Kf6 52. Rc4 Kg6
53. Rc6+ Kh7 54. Rcc2 Bd4 55. h5 Ra3 56. Rc7 Ra1 57. Rd7 Rb1 58. Rc2 Rb2 59.
Rxb2 Bxb2 60. Kf2 Kg8 61. Ke3 Bc3 62. Ke4 Be1 63. g4 Bg3 64. Kf5 1-0

[Event "Open"]
[Site "Toscolano-Maderno ITA"]
[Date "1995.10.22"]
[Round "9"]
[White "Medancic, Rikard"]
[Black "Nurkic, Sahbaz"]
[Result "1/2-1/2"]
[WhiteElo "2340"]
[BlackElo "2420"]
[PlyCount "20"]
[EventDate "1995.10.14"]

1. d4 Nf6 2. c4 g6 3. Nc3 Bg7 4. e4 d6 5. Nf3 O-O 6. Be2 e5 7. d5 Nh5 8. Bg5 f6
9. Bd2 Nf4 10. Bxf4 exf4 1/2-1/2

[Event "Open"]
[Site "Toscolano-Maderno ITA"]
[Date "1995.10.22"]
[Round "9"]
[White "Naumkin, Igor"]
[Black "Cugini, Verter"]
[Result "1-0"]
[WhiteElo "2455"]
[BlackElo "2235"]
[PlyCount "39"]
[EventDate "1995.10.14"]

1. d4 d6 2. Nf3 Nf6 3. c4 g6 4. Nc3 Bg7 5. e4 O-O 6. Be2 c5 7. d5 Na6 8. O-O
Nc7 9. h3 a6 10. a4 b6 11. Bf4 Bd7 12. e5 dxe5 13. Nxe5 Nce8 14. Re1 Nd6 15.
Bd3 b5 16. axb5 Nh5 17. Bh2 Bxe5 18. Rxe5 axb5 19. Rxa8 Qxa8 20. Rxe7 1-0

[Event "Open"]
[Site "Toscolano-Maderno ITA"]
[Date "1995.10.22"]
[Round "9"]
[White "Rossi, Giampiero"]
[Black "Coppini, Giorgio"]
[Result "1-0"]
[WhiteElo "2135"]
[BlackElo "2210"]
[PlyCount "147"]
[EventDate "1995.10.14"]

1. d4 d5 2. c4 c6 3. cxd5 cxd5 4. Nc3 Nc6 5. Nf3 a6 6. Bf4 Nf6 7. e3 Bg4 8. Be2
e6 9. h3 Bxf3 10. Bxf3 Bd6 11. Bxd6 Qxd6 12. O-O O-O 13. Qd2 b5 14. Rac1 Ra7
15. Rfd1 Nd7 16. Be2 Rb8 17. b3 Ne7 18. Bd3 Rc7 19. Ne2 Rbc8 20. Rxc7 Rxc7 21.
Rc1 g6 22. Rxc7 Qxc7 23. Qc3 Qb7 24. Nc1 b4 25. Qc2 Nf5 26. Bxf5 gxf5 27. Nd3
a5 28. g3 Qa6 29. Kg2 Nb6 30. Ne5 f6 31. Nd3 Nd7 32. Nf4 Qb6 33. Qc8+ Nf8 34.
Nd3 Kg7 35. Nc5 Qd6 36. Qb7+ Kg6 37. Qb5 Qd8 38. Qc6 Kf7 39. Nb7 Qd7 40. Nxa5
Qa7 41. Qb7+ Qxb7 42. Nxb7 e5 43. Nd8+ Ke8 44. Nc6 Kd7 45. Nxb4 Kd6 46. Kf1 Ne6
47. Nc2 Ng5 48. h4 Ne4 49. b4 Kc6 50. a4 Nc3 51. a5 Ne4 52. Na3 Nc3 53. a6 Kb6
54. b5 Ne4 55. Nb1 Nd6 56. Nc3 Nc8 57. Nxd5+ Kxb5 58. Nxf6 exd4 59. exd4 Kxa6
60. Nxh7 Kb6 61. Ke2 Kc6 62. Ke3 Kd5 63. Nf6+ Ke6 64. Nh5 Nb6 65. Nf4+ Kf6 66.
d5 Nc4+ 67. Kd4 Nd6 68. f3 Nf7 69. Kc5 Ne5 70. d6 Nxf3 71. Kc6 Ne5+ 72. Kc7 Nf7
73. d7 Ke7 74. h5 1-0

[Event "Open"]
[Site "Toscolano-Maderno ITA"]
[Date "1995.10.22"]
[Round "9"]
[White "Sulava, Nenad"]
[Black "Luciani, Carlo"]
[Result "1-0"]
[WhiteElo "2390"]
[BlackElo "2285"]
[PlyCount "82"]
[EventDate "1995.10.14"]

1. d4 c5 2. dxc5 Na6 3. a3 Nxc5 4. b4 Ne6 5. Bb2 Nf6 6. c4 d6 7. Nc3 Bd7 8. Nf3
a5 9. e3 Qb6 10. Nd5 Nxd5 11. cxd5 Nc5 12. Nd2 axb4 13. axb4 Na6 14. Bd4 Qxb4
15. Rb1 Qa5 16. Rxb7 Nc5 17. Bxc5 Qxc5 18. Qb1 Rc8 19. Bb5 Bxb5 20. Rxb5 Qc1+
21. Ke2 Qxb1 22. Rhxb1 g6 23. Rb8 Kd8 24. Nc4 Bg7 25. Na5 Kd7 26. R1b7+ Rc7 27.
Rxc7+ Kxc7 28. Rb7+ Kd8 29. Nc6+ Ke8 30. Rxe7+ Kf8 31. Rd7 Bb2 32. Rxd6 Kg7 33.
Rd7 Kf6 34. f4 Re8 35. Kf3 h6 36. e4 g5 37. e5+ Kg6 38. Ne7+ Kh7 39. Nf5 gxf4
40. Rxf7+ Kg8 41. Nxh6+ Kh8 1-0

[Event "XVI Festival Magistrale"]
[Site "Asti ITA"]
[Date "1995.09.30"]
[Round "1"]
[White "Astengo, Marcello"]
[Black "Nurkic, Sahbaz"]
[Result "0-1"]
[WhiteElo "2110"]
[BlackElo "2420"]
[PlyCount "35"]
[EventDate "1995.09.30"]

1.d4 g6 2.c4 Bg7 3.Nc3 d6 4.e4 Nc6 5.Be3 e5 6.d5 Nd4 7.Bd3 Nh6 8.Nge2 Ng4 
9.Ng3 O-O 10.h3 Nxe3 11.fxe3 Qh4 12.exd4 Qxg3+ 13.Kd2 exd4 14.Ne2 Qxg2 15.
Qf1 Qg5+ 16.Kc2 f5 17.h4 Qe7 18.Ng3 0-1

[Event "XVI Festival Magistrale"]
[Site "Asti ITA"]
[Date "1995.09.30"]
[Round "1"]
[White "Bianco, Valerio"]
[Black "Arlandi, Ennio"]
[Result "0-1"]
[WhiteElo "2205"]
[BlackElo "2455"]
[PlyCount "78"]
[EventDate "1995.09.30"]

1.d3 e5 2.Nf3 Nc6 3.g3 f5 4.Bg2 Nf6 5.O-O g6 6.e4 fxe4 7.dxe4 Bg7 8.Nc3 
O-O 9.Qd3 d6 10.Nd5 Nxd5 11.exd5 Bf5 12.Qb3 Nd4 13.Nxd4 exd4 14.Bd2 Qd7 
15.Rae1 Kh8 16.Be4 Rae8 17.Qd3 Re5 18.Bxf5 Rexf5 19.c4 Rf3 20.Qe4 Be5 21.
b3 Qh3 22.Bg5 R8f5 23.Qh4 Qxh4 24.gxh4 Kg7 25.Re4 c5 26.Kg2 h6 27.Bc1 a6 
28.Bd2 Rd3 29.Ba5 Rff3 30.Be1 Kf6 31.Rg1 Kf5 32.Re2 Rh3 33.Rh1 Rxh4 34.Ba5
Rg4+ 35.Kf1 Rd1+ 36.Re1 Rxe1+ 37.Kxe1 Rh4 38.Bc7 Rxh2 39.Rxh2 Bxh2 0-1

[Event "XVI Festival Magistrale"]
[Site "Asti ITA"]
[Date "1995.09.30"]
[Round "1"]
[White "Coppini, Giorgio"]
[Black "Csom, Istvan"]
[Result "1/2-1/2"]
[WhiteElo "2210"]
[BlackElo "2455"]
[PlyCount "100"]
[EventDate "1995.09.30"]

1.e4 c5 2.Nf3 a6 3.g3 b6 4.Bg2 Bb7 5.d3 e6 6.O-O Be7 7.Qe2 d6 8.c3 Nf6 9.
Nbd2 Nc6 10.Re1 O-O 11.h3 b5 12.Nf1 Ne5 13.N3d2 Qb6 14.Ne3 Rfe8 15.f4 Ned7
16.Kh2 d5 17.e5 d4 18.exf6 dxe3 19.fxe7 exd2 20.Bxd2 Rxe7 21.Be3 Bxg2 22.
Qxg2 Rc8 23.d4 Qb8 24.dxc5 Nxc5 25.Bxc5 Rxc5 26.Rad1 Re8 27.Rd4 Rd8 28.
Red1 Rcc8 29.Rxd8+ Rxd8 30.Qb7 g6 31.Qxb8 Rxb8 32.Kg2 Rb6 33.Kf3 Kg7 34.
Ke4 Kf6 35.Rd7 Rc6 36.Kd4 Rc4+ 37.Kd3 Ra4 38.a3 h6 39.Rd4 Ra5 40.Kc2 g5 
41.Kb3 Kg6 42.Kc2 gxf4 43.Rxf4 f5 44.Rd4 h5 45.Rb4 Kf6 46.Kd3 e5 47.Ke3 
Kg5 48.Kf3 Kf6 49.Ke3 Kg5 50.Kf3 Kf6 1/2-1/2

[Event "XVI Festival Magistrale"]
[Site "Asti ITA"]
[Date "1995.09.30"]
[Round "1"]
[White "Duarte, Riccardo"]
[Black "Sulava, Nenad"]
[Result "0-1"]
[WhiteElo "2050"]
[BlackElo "2390"]
[PlyCount "42"]
[EventDate "1995.09.30"]

1.e4 c5 2.f4 d5 3.exd5 Nf6 4.Bb5+ Nbd7 5.c4 a6 6.Bxd7+ Bxd7 7.Nf3 g6 8.O-O
Bg7 9.d3 O-O 10.Ne5 e6 11.dxe6 Bxe6 12.Nc3 Nd7 13.Nf3 Re8 14.Re1 Nf6 15.h3
Bf5 16.Rxe8+ Nxe8 17.Nd5 Nf6 18.Nh4 Bxh3 19.Qf3 Nxd5 20.Qxh3 Nb4 21.Be3 
Nc2 0-1

[Event "XVI Festival Magistrale"]
[Site "Asti ITA"]
[Date "1995.09.30"]
[Round "1"]
[White "Efimov, Igor"]
[Black "Spinelli, Doriano"]
[Result "1-0"]
[WhiteElo "2450"]
[BlackElo "2155"]
[PlyCount "77"]
[EventDate "1995.09.30"]

1.d4 d5 2.c4 Nc6 3.Nf3 Bg4 4.cxd5 Bxf3 5.gxf3 Qxd5 6.e3 e6 7.Nc3 Bb4 8.Bd2
Qh5 9.Bg2 Nge7 10.a3 Bd6 11.f4 Qh4 12.Qf3 Rd8 13.O-O-O Nf5 14.Kb1 Qe7 15.
Qe2 O-O 16.h4 Bxa3 17.bxa3 Qxa3 18.Qc4 Na5 19.Qa4 Qb3+ 20.Qxb3 Nxb3 21.Be1
c5 22.Kb2 c4 23.h5 b5 24.Nxb5 Rb8 25.Na3 Nbxd4+ 26.Ka2 Ne2 27.Bf3 c3 28.
Bxe2 Rb2+ 29.Ka1 Rxe2 30.Bxc3 Rxf2 31.Rhg1 f6 32.e4 Ne3 33.Rd3 Nf1 34.f5 
exf5 35.e5 fxe5 36.Bxe5 Re8 37.Nc4 Nh2 38.Rxg7+ Kf8 39.Rdd7 1-0

[Event "XVI Festival Magistrale"]
[Site "Asti ITA"]
[Date "1995.09.30"]
[Round "1"]
[White "Faraoni, Enrico"]
[Black "Mrdja, Milan"]
[Result "1-0"]
[WhiteElo "2135"]
[BlackElo "2450"]
[PlyCount "83"]
[EventDate "1995.09.30"]

1.f4 d6 2.e4 c5 3.Nc3 Nc6 4.Nf3 e6 5.Bc4 a6 6.a4 Nge7 7.O-O g6 8.f5 d5 9.
Ba2 gxf5 10.exd5 Nxd5 11.Bxd5 exd5 12.d3 Be7 13.Bh6 Be6 14.Qd2 Rg8 15.Rfe1
Qa5 16.Ne2 Qxd2 17.Bxd2 Kd7 18.Nf4 b5 19.Re2 Bf6 20.c3 d4 21.axb5 axb5 22.
Rae1 Rge8 23.Nh5 Bh8 24.cxd4 Nxd4 25.Nxd4 Bxd4+ 26.Be3 Bb3 27.Bxd4 Rxe2 
28.Rxe2 cxd4 29.Nf6+ Kd6 30.Nxh7 Ra1+ 31.Kf2 Rd1 32.Ng5 Bd5 33.h4 Rxd3 34.
h5 Rd1 35.h6 d3 36.h7 dxe2 37.Kxe2 Rh1 38.Nh3 Bxg2 39.h8=Q Bxh3 40.Qf8+ 
Ke5 41.Qe7+ Kd4 42.Qd6+ 1-0

[Event "XVI Festival Magistrale"]
[Site "Asti ITA"]
[Date "1995.09.30"]
[Round "1"]
[White "Godena, Michele"]
[Black "Fuggetta, Leonardo"]
[Result "1-0"]
[WhiteElo "2420"]
[BlackElo "2115"]
[PlyCount "93"]
[EventDate "1995.09.30"]

1.e4 g6 2.d4 Bg7 3.Nf3 d6 4.c3 c6 5.Bg5 Bg4 6.Nbd2 Qc7 7.Bc4 d5 8.exd5 
cxd5 9.Bxd5 e6 10.Bb3 Nf6 11.h3 Bf5 12.Qe2 h5 13.O-O Nbd7 14.Rfe1 O-O 15.
Nh2 Nh7 16.Be3 h4 17.Ndf3 Bf6 18.Qd2 Qd8 19.Rad1 Nb6 20.Ng4 Bxg4 21.hxg4 
Nd5 22.Bh6 Bg7 23.Bxg7 Kxg7 24.g5 Rh8 25.c4 Ne7 26.d5 exd5 27.Qb4 Re8 28.
Ba4 Nc6 29.Qxb7 Rxe1+ 30.Rxe1 Na5 31.Qxd5 Qxd5 32.cxd5 Nc4 33.b3 Nd6 34.
Bc6 Rb8 35.Re7 a6 36.Ra7 Rb6 37.Kh2 Nb5 38.Bxb5 axb5 39.Rd7 Nf8 40.Rd8 b4 
41.Nxh4 Ra6 42.Nf3 Rxa2 43.d6 Ne6 44.Re8 Ra6 45.d7 Rd6 46.Ne5 Rd5 47.f4 
1-0

[Event "XVI Festival Magistrale"]
[Site "Asti ITA"]
[Date "1995.09.30"]
[Round "1"]
[White "Lampic, Teo"]
[Black "Dutreeuw, Marc"]
[Result "1/2-1/2"]
[WhiteElo "2099"]
[BlackElo "2370"]
[PlyCount "134"]
[EventDate "1995.09.30"]

1.e4 e5 2.Nf3 Nc6 3.Nc3 Nf6 4.Bb5 Bb4 5.d3 Nd4 6.Nxd4 exd4 7.a3 Ba5 8.b4 
dxc3 9.bxa5 c6 10.Bc4 Qxa5 11.O-O O-O 12.Bb3 d6 13.Qe1 d5 14.Bg5 dxe4 15.
Bxf6 gxf6 16.Qxe4 Qe5 17.Rfe1 Qxe4 18.Rxe4 Be6 19.Bxe6 fxe6 20.Rxe6 Rae8 
21.Re3 Rxe3 22.fxe3 Re8 23.Kf2 Re5 24.d4 Ra5 25.Ke2 b6 26.Kd3 Rf5 27.Kxc3 
Rf2 28.Rg1 Kf7 29.h4 h5 30.g4 Rh2 31.g5 fxg5 32.hxg5 h4 33.e4 Rh3+ 34.Kc4 
Rxa3 35.d5 Ra4+ 36.Kd3 cxd5 37.exd5 Rf4 38.Ke3 Rc4 39.d6 Ke6 40.g6 Rc8 41.
g7 Rg8 42.Kf4 h3 43.Rg6+ Kf7 44.Kf5 h2 45.Rh6 Rxg7 46.Rxh2 Ke8 47.Kf6 Rg4 
48.Rh7 a5 49.Kf5 Rg1 50.c4 Re1 51.Rb7 Rh1 52.Rxb6 Kd7 53.Ke4 Rh4+ 54.Kd3 
Rh3+ 55.Kd4 Rh4+ 56.Kc3 Rh3+ 57.Kb2 Rh5 58.Kc3 Rh3+ 59.Kc2 Rh5 60.Kb3 Rg5 
61.Ra6 Rh5 62.Kc3 Rh3+ 63.Kb2 Rh5 64.Kb3 Rg5 65.Rb6 Rh5 66.Ka4 Rc5 67.Kb3 
Rh5 1/2-1/2

[Event "XVI Festival Magistrale"]
[Site "Asti ITA"]
[Date "1995.09.30"]
[Round "1"]
[White "Legky, Nikolay A."]
[Black "Cugini, Verter"]
[Result "1-0"]
[WhiteElo "2510"]
[BlackElo "2235"]
[PlyCount "51"]
[EventDate "1995.09.30"]

1.d4 d6 2.e4 Nf6 3.Nc3 g6 4.g3 Bg7 5.Bg2 O-O 6.Nge2 e5 7.h3 Nc6 8.Be3 exd4
9.Nxd4 Nxd4 10.Bxd4 c6 11.O-O Be6 12.f4 d5 13.f5 gxf5 14.exf5 Bc8 15.g4 
Nd7 16.Kh1 Qh4 17.Ne2 h5 18.Qe1 Qxe1 19.Raxe1 hxg4 20.hxg4 Re8 21.f6 Bf8 
22.Nf4 Rxe1 23.Rxe1 c5 24.Be5 Nxe5 25.Rxe5 d4 26.Re8 1-0

[Event "XVI Festival Magistrale"]
[Site "Asti ITA"]
[Date "1995.09.30"]
[Round "1"]
[White "Malano, Francesco"]
[Black "Lacrosse, Marc"]
[Result "0-1"]
[WhiteElo "1908"]
[BlackElo "2240"]
[PlyCount "52"]
[EventDate "1995.09.30"]

1.Nf3 d5 2.g3 Nf6 3.Bg2 c6 4.O-O Bg4 5.d3 Nbd7 6.Nbd2 e5 7.c4 Bc5 8.h3 Bh5
9.a3 e4 10.Ne1 Qe7 11.dxe4 dxe4 12.Nb3 Bb6 13.Bf4 Ne5 14.Qc2 Bg6 15.Bxe5 
Qxe5 16.e3 h5 17.h4 Ng4 18.c5 Bc7 19.Qe2 f5 20.Rc1 Bf7 21.Na1 g5 22.f4 
exf3 23.Bxf3 gxh4 24.Bxg4 hxg4 25.gxh4 Qg3+ 26.Qg2 Qxe3+ 0-1

[Event "XVI Festival Magistrale"]
[Site "Asti ITA"]
[Date "1995.09.30"]
[Round "1"]
[White "Naumkin, Igor"]
[Black "Maccagno, Giancarlo"]
[Result "1-0"]
[WhiteElo "2455"]
[BlackElo "2210"]
[PlyCount "83"]
[EventDate "1995.09.30"]

1.d4 g6 2.e4 Bg7 3.Nf3 d6 4.h3 Nd7 5.c4 e5 6.d5 Ngf6 7.Nc3 a5 8.Bd3 O-O 9.
Bc2 b6 10.Be3 Ba6 11.Nd2 Nh5 12.g3 Qe7 13.Qe2 Rfc8 14.Ba4 Nc5 15.Bc6 Rab8 
16.a3 Bb7 17.Bxb7 Rxb7 18.Rc1 Qf8 19.b4 axb4 20.axb4 Nd7 21.Qg4 Nhf6 22.
Qf3 Bh6 23.O-O Ra7 24.Nb5 Ra4 25.Rb1 Ne8 26.Nc3 Ra3 27.Rfc1 Bxe3 28.Qxe3 
f5 29.exf5 Qxf5 30.Kg2 Ndf6 31.g4 Qd7 32.Qf3 Qg7 33.c5 Qh6 34.Nc4 Ra6 35.
cxd6 cxd6 36.Nxd6 e4 37.Ndxe4 Nxe4 38.Qxe4 b5 39.Nxb5 Rxc1 40.Qxe8+ Kg7 
41.Qe5+ Kf7 42.g5 1-0

[Event "XVI Festival Magistrale"]
[Site "Asti ITA"]
[Date "1995.09.30"]
[Round "1"]
[White "Sarno, Spartaco"]
[Black "Frank, Albert"]
[Result "1-0"]
[WhiteElo "2405"]
[BlackElo "2090"]
[PlyCount "85"]
[EventDate "1995.09.30"]

1.c4 f5 2.Nc3 Nf6 3.g3 e6 4.Bg2 Be7 5.d4 d5 6.Nf3 O-O 7.O-O c6 8.Qc2 Bd7 
9.b3 Be8 10.e3 Bh5 11.Ne2 Qe8 12.Nf4 Bd6 13.a4 Nbd7 14.a5 Bxf3 15.Bxf3 e5 
16.dxe5 Nxe5 17.Be2 dxc4 18.bxc4 Ne4 19.Bb2 Nc5 20.Rfd1 Rd8 21.Rab1 Qe7 
22.Bd4 Ned7 23.Nd3 g6 24.Bf3 Nxd3 25.Rxd3 Nc5 26.Rd2 Qc7 27.Qc3 Rd7 28.Kg2
Rb8 29.Rbd1 Rf7 30.Bf6 Bf8 31.Be5 Qc8 32.Bxb8 Qxb8 33.Rd8 Qc7 34.Re8 Nd7 
35.c5 Nf6 36.Ra8 b6 37.cxb6 axb6 38.a6 Kg7 39.Qxc6 Ne4 40.Bxe4 fxe4 41.
Qxe4 Be7 42.a7 Kh6 43.Ra1 1-0

[Event "XVI Festival Magistrale"]
[Site "Asti ITA"]
[Date "1995.09.30"]
[Round "1"]
[White "Sedina, Elena"]
[Black "Canelli, Daniele"]
[Result "1-0"]
[WhiteElo "2350"]
[BlackElo "1911"]
[PlyCount "51"]
[EventDate "1995.09.30"]

1.e4 e6 2.d4 d5 3.e5 c5 4.c3 Nc6 5.Nf3 Qb6 6.a3 Bd7 7.b4 cxd4 8.cxd4 Nge7 
9.Nc3 Nf5 10.Na4 Qc7 11.Bb2 Nxb4 12.axb4 Bxb4+ 13.Nd2 O-O 14.Bd3 Bxa4 15.
Rxa4 a5 16.O-O Qd7 17.Ra1 a4 18.Ba3 Bxa3 19.Rxa3 Nxd4 20.Bxh7+ Kxh7 21.
Rh3+ Kg8 22.Qh5 f6 23.exf6 Ne2+ 24.Kh1 Rfc8 25.Qh8+ Kf7 26.Qxg7+ 1-0

[Event "XVI Festival Magistrale"]
[Site "Asti ITA"]
[Date "1995.10.01"]
[Round "2"]
[White "Canelli, Daniele"]
[Black "Bianco, Valerio"]
[Result "0-1"]
[WhiteElo "1911"]
[BlackElo "2205"]
[PlyCount "114"]
[EventDate "1995.09.30"]

1.d4 d5 2.c4 c6 3.Nf3 dxc4 4.a4 b5 5.e4 e6 6.Be2 Nf6 7.Qc2 Bb7 8.O-O a6 9.
Bg5 h6 10.Bxf6 Qxf6 11.Nc3 Bb4 12.e5 Qd8 13.Ne4 Nd7 14.b3 cxb3 15.Qxb3 Be7
16.axb5 cxb5 17.Nd6+ Bxd6 18.exd6 O-O 19.Ne5 Nf6 20.Qa3 Nd5 21.d7 f6 22.
Ng6 Rf7 23.Bg4 f5 24.Bh5 Nf6 25.Ne5 Nxh5 26.Nxf7 Kxf7 27.Qd6 Nf6 28.Rac1 
Nd5 29.Rfe1 Qe7 30.Rxe6 Qxe6 31.d8=Q Rxd8 32.Qxd8 Kg6 33.Qh4 Kh7 34.h3 Qf6
35.Qg3 Qg5 36.Qxg5 hxg5 37.g3 Kg6 38.Kf1 Kf6 39.Ke2 Ke6 40.Kd2 Kd6 41.h4 
g4 42.Re1 Bc6 43.Ra1 Nc7 44.Ke3 Be4 45.Kd2 Kc6 46.d5+ Kxd5 47.Ke3 b4 48.
Rd1+ Kc5 49.Rc1+ Kb6 50.Kd4 a5 51.Kc4 Bd5+ 52.Kd4 b3 53.Kc3 Nb5+ 54.Kb2 a4
55.Rc8 a3+ 56.Ka1 b2+ 57.Kb1 Be4+ 0-1

[Event "XVI Festival Magistrale"]
[Site "Asti ITA"]
[Date "1995.10.01"]
[Round "2"]
[White "Csom, Istvan"]
[Black "Lampic, Teo"]
[Result "1-0"]
[WhiteElo "2455"]
[BlackElo "2099"]
[PlyCount "91"]
[EventDate "1995.09.30"]

1.c4 d6 2.Nc3 c6 3.g3 e5 4.Bg2 Nf6 5.e4 Be7 6.Nge2 O-O 7.d3 Be6 8.f4 Qc8 
9.h3 Ne8 10.f5 Bd7 11.h4 Qd8 12.Be3 Na6 13.Qd2 Nec7 14.O-O Be8 15.d4 f6 
16.b3 Bf7 17.d5 Qd7 18.Bf3 cxd5 19.cxd5 Rfc8 20.Rfc1 Bd8 21.a3 Nb5 22.b4 
Be8 23.Nxb5 Rxc1+ 24.Rxc1 Qxb5 25.Nc3 Qd7 26.Be2 Nc7 27.a4 Qe7 28.b5 Bd7 
29.a5 a6 30.b6 Nb5 31.Nxb5 axb5 32.Kf2 Be8 33.Qb4 Qd7 34.Rb1 Kf7 35.Ke1 
Ke7 36.Kd2 Ra6 37.Rc1 Ra8 38.g4 Kf7 39.Rb1 Ra6 40.Qc3 Qe7 41.g5 Bd7 42.
gxf6 Qe8 43.fxg7 Kxg7 44.Rg1+ Kh8 45.Bh6 Bf6 46.Qg3 1-0

[Event "XVI Festival Magistrale"]
[Site "Asti ITA"]
[Date "1995.10.01"]
[Round "2"]
[White "Dutreeuw, Marc"]
[Black "Coppini, Giorgio"]
[Result "1-0"]
[WhiteElo "2370"]
[BlackElo "2210"]
[PlyCount "89"]
[EventDate "1995.09.30"]

1.e4 d6 2.d4 Nf6 3.Bd3 c6 4.Nf3 e5 5.c3 Nbd7 6.O-O Be7 7.Nbd2 O-O 8.Qc2 
Re8 9.Rd1 Qc7 10.a3 Nf8 11.dxe5 dxe5 12.h3 h6 13.Nc4 Ng6 14.a4 Bf8 15.Bf1 
Kh8 16.Be3 b6 17.a5 Rb8 18.axb6 axb6 19.b4 b5 20.Ra7 Rb7 21.Rxb7 Bxb7 22.
Na5 Ba8 23.Nb3 c5 24.Nxc5 Bxc5 25.bxc5 Nxe4 26.Qb3 Rc8 27.Qb4 Kh7 28.Ra1 
Bd5 29.Qxb5 Nxc5 30.Ra5 Bxf3 31.Qxc5 Qxc5 32.Rxc5 Rxc5 33.Bxc5 Bc6 34.f3 
Nf4 35.Kf2 Kg6 36.g3 Nd5 37.c4 Nc3 38.Ke3 Kf6 39.f4 Na4 40.fxe5+ Kxe5 41.
Bd4+ Kd6 42.Bxg7 h5 43.Be2 Bd7 44.h4 Be6 45.Kd4 1-0

[Event "XVI Festival Magistrale"]
[Site "Asti ITA"]
[Date "1995.10.01"]
[Round "2"]
[White "Faraoni, Enrico"]
[Black "Belotti, Bruno"]
[Result "0-1"]
[WhiteElo "2135"]
[BlackElo "2380"]
[PlyCount "72"]
[EventDate "1995.09.30"]

1.f4 Nf6 2.Nf3 g6 3.g3 Bg7 4.Bg2 O-O 5.d3 d5 6.O-O c5 7.a3 Nc6 8.Nc3 d4 9.
Ne4 Nxe4 10.dxe4 e5 11.f5 gxf5 12.Nh4 f4 13.Qe1 Bf6 14.Nf5 Bxf5 15.exf5 
fxg3 16.Qxg3+ Kh8 17.Qh3 Rg8 18.Kh1 e4 19.Bf4 Qe7 20.Qh5 Rae8 21.a4 c4 22.
Ra3 c3 23.Rb3 Nb4 24.bxc3 dxc3 25.Qh3 Nd5 26.Bc1 b6 27.a5 bxa5 28.Rb5 Nb4 
29.Rxa5 Nxc2 30.Ra6 Rb8 31.Ra4 Nd4 32.Qh6 Rb6 33.Be3 Rd6 34.Rc4 c2 35.Qh3 
Rc6 36.Bxd4 Rxc4 0-1

[Event "XVI Festival Magistrale"]
[Site "Asti ITA"]
[Date "1995.10.01"]
[Round "2"]
[White "Frank, Albert"]
[Black "Maccagno, Giancarlo"]
[Result "0-1"]
[WhiteElo "2090"]
[BlackElo "2210"]
[PlyCount "52"]
[EventDate "1995.09.30"]

1.e4 c5 2.Nf3 e6 3.Nc3 Nc6 4.Bb5 Nge7 5.d4 Nxd4 6.Nxd4 cxd4 7.Qxd4 a6 8.
Be2 Nc6 9.Qe3 Nb4 10.Qd2 Bc5 11.O-O O-O 12.a3 Nc6 13.b4 Ba7 14.Bb2 b5 15.
Nd1 Bb7 16.Ne3 Ne7 17.Bf3 Ng6 18.Rad1 Bc6 19.Rfe1 Nh4 20.Kh1 f5 21.Nf1 
Nxf3 22.gxf3 fxe4 23.fxe4 Rxf2 24.Qc3 Rxf1+ 25.Rxf1 Bxe4+ 26.Rf3 Qg5 0-1